Online Catalogue and eLibrary

The Hybrid Island: (Record no. 1434)

MARC details
000 -LEADER
fixed length control field 00504nam a2200181Ia 4500
005 - DATE AND TIME OF LATEST TRANSACTION
control field 20250129013950.0
008 - FIXED-LENGTH DATA ELEMENTS--GENERAL INFORMATION
fixed length control field 240331s9999 xx 000 0 und d
020 ## - INTERNATIONAL STANDARD BOOK NUMBER
ISBN 1842772031
082 ## - DDC Classification
Item Number - Author Mark SIL
DDC Edition Number 1899
Class No. 304.8
245 #4 - TITLE STATEMENT
Title The Hybrid Island:
Remainder of title Culture crossings and the invention of identity in Sri Lanka
260 ## - PUBLICATION, DISTRIBUTION, ETC.
Place of publication, distribution, etc. Colombo
Name of publisher, distributor, etc. Social Scientists' Association
Date of publication, distribution, etc. 2002
300 ## - PHYSICAL DESCRIPTION
Extent (e.g. Volumes, Pages etc.) vii, 177 p.,
650 ## - SUBJECT ADDED ENTRY--TOPICAL TERM
Topical term or geographic name entry element Culture
650 ## - SUBJECT ADDED ENTRY--TOPICAL TERM
Topical term or geographic name entry element Identity
650 ## - SUBJECT ADDED ENTRY--TOPICAL TERM
Topical term or geographic name entry element Society
700 ## - ADDED ENTRY--PERSONAL NAME
Personal name Silva, N
Relator term (Role) Editor
942 ## - Koha item type (Biblio)
Koha item type Books in Stacks (Lending)
Holdings
Lost status Damaged status Collection code Home library Current library Shelving location Date acquired Full call number Accession Number Item type
    Lending WERC Library WERC Library Social Science Cupboard 03/31/2024 304.8 HYB 1899 Books in Stacks (Lending)

© WERC Library